Statistiques concernant Les prénoms des ministres du gouvernement Jospin (1997-2002)

Cliquez ici pour prendre le quiz!

Statistiques générales

  • Ce quiz a été pris 37 fois
  • Le résultat moyen est 12 sur 18

Statistiques - réponses

HintRéponse% Correct
AubryMartine
100%
RoyalSégolène
100%
VédrineHubert
92%
ChevénementJean-Pierre
92%
VoynetDominique
88%
BuffetMarie-George
88%
AlègreClaude
84%
GuigouElisabeth
84%
MoscoviciPierre
84%
TrautmannCatherine
80%
GlavanyJean
76%
BartoloneClaude
72%
ZuccarelliEmile
48%
VaillantDaniel
44%
RichardAlain
28%
GayssotJean-Claude
28%
JosselinCharles
24%
SautterChristian
12%

Distribution des résultats

Percentile par nombre de réponses

% des personnes avec chaque résultat

Votre développement - résultats

Vous n’avez pas pris ce quiz